| 000 | 00744nam a2200253Ia 4500 | ||
|---|---|---|---|
| 008 | 180523s9999 xx 000 0 und d | ||
| 020 | _a978-981-06-9768-6 | ||
| 050 | _aMAIN HG 4521 | ||
| 050 | _b.G58 2010 | ||
| 100 | _aGitman, Lawrence J. | ||
| 245 | 0 | _aFundamentals of investing / | |
| 245 | 0 | _cLawrence J. Gitman, Michael D. Joehnk, Scott B. Smart. | |
| 250 | _a11th Edition | ||
| 260 | _aSingapore : | ||
| 260 | _bPearson Education South Asia, | ||
| 260 | _c2010 | ||
| 300 | _a597 pages : | ||
| 300 | _billustrations ; | ||
| 300 | _c25 cm. | ||
| 500 | _aIncludes bibliographical references and index. | ||
| 650 | _aInvestments -- Problems, exercises, etc. | ||
| 650 | _aInvestments. | ||
| 650 | _xPortfolio management. | ||
| 999 |
_c357268 _d357268 |
||